000 00519nam a22001817a 4500
999 _c526543
_d526543
003 NUST
005 20190712121319.0
020 _qPaperback
038 _aM. Shaban
082 _a891.42
_bMAR
100 _aMuhammad Hanif Mahar Kachailvi
_917561
245 _aPanj tarai /
_cMuhammad Hanif Mahar Kachailvi
260 _aLahore :
_bPakistan Punjabi Adbi Board,
_c1988.
300 _a173 p. ;
880 _6100-01\r
_aمحمد حنیف مہر کاچیلوی
880 _6245-02\r
_aپنج تارے /
942 _2ddc
_cBK